Responses for Show #7020 - Friday, March 6, 2015

Contestants

[<< previous game]

Rachael Sims, a law school graduate from Sullivan, Illinois

Nic Pereira, a pool and spa maintenance contractor from Guerneville, California

Laura Lorson, a newscaster and editor from Perry, Kansas (whose 2-day cash winnings total $33,400)

[next game >>]

Jeopardy! Round responses

WHERE AM I?
MOVIE TAGLINES
THE MAIN NON‑ALCOHOLIC INGREDIENT
"RU" FOR REAL
COLLEGES & UNIVERSITIES
THE TVA
    $200 5
(Alex: Yeah, they find him.)

Finding Nemo

Laura
    $200 6
tomato juice

Nic
    $200 14
rubble

Rachael
    $200 19
Columbia University

Triple Stumper
    $200 24
the Tennessee Valley Authority

Rachael
    $400 29
(Laura: What is Brussels?)
[The end-of-round signal sounds.]

Geneva

LauraRachael
    $400 4
Animal House

Rachael
    $400 7
cream

Rachael
    $400 15
ruminate

Nic
    $400 20
Northwestern

Rachael
    $400 25
(Alex: With less than a minute to go, you are right.)

solar

Laura
    $600 13
Angkor Wat

Laura
    $600 3
Rocky

Rachael
    $600 8
cranberry juice

Nic
    $600 16
rub out

Laura
    $600 21
Rice

Laura
    $600 26
Engineers

Rachael
    $1,000 12
(Rachael: What is...)
(Alex: Anything?)
(Rachael: What are the...)
...
(Alex: The crop is the olives, the mount is the high point.)

the Mount of Olives

Rachael
    $800 2
Panic Room

Laura
    $800 9
Coca-Cola

Nic
    $800 17
a rucksack

Rachael
    $800 22
Notre Dame

Rachael
    $800 27
(Laura: What is yellow fever?)
(Rachael: What is West Nile?)

malaria

LauraNicRachael
    $1000 11
Robben Island

Rachael
    $1000 1
(Alex: That wonderful twosome... [*].)

Thelma & Louise

Triple Stumper
    $1000 10
Red Bull

Rachael
    $1000 18
"Rule, Britannia!"

Rachael
    $1000 23
Vanderbilt

Laura
    $1000 28
the Great Smoky Mountains

Rachael

Scores at the first commercial break (after clue 15):

Laura Nic Rachael
$1,600 $2,000 $2,600

Scores at the end of the Jeopardy! Round:

Laura Nic Rachael
$3,000 $2,800 $7,000

Double Jeopardy! Round responses

INTRODUCTIONS
NOW THAT'S A SAD STORY
HOMOPHONIC PAIRS
JOHN LAW
PRUSSIA
THE TV "A"
    $400 15
rubber

Laura
    $400 10
Terabithia

Rachael
    $400 25
a banned band

Triple Stumper
    $400 5
(John) Roberts

Nic
    $400 1
(Rachael: Who is Bismarck?)

(Kaiser) Wilhelm

NicRachael
    $400 17
The Apprentice

Laura
    $800 22
the turf

Nic
    $2,000 11
Old Yeller

Rachael
    $800 30
the worst wurst

Laura
    $800 6
John Edwards

Rachael
    $800 2
Russia

Nic
    $800 18
The A-Team

Nic
    $1200 23
(Rachael: What is meet his maker?)
(Alex: Meet--say it again.)
(Rachael: What is meet his maker?)

meet its maker

Rachael
Triple Stumper
    $1200 12
The Book Thief

Triple Stumper
    $1200 29
a coarse course

Rachael
    $1200 7
John Ashcroft

Laura
    $1200 3
the Teutonic Order

Triple Stumper
    $1200 19
Paula Abdul

Laura
    $1600 24
(Alex: All right, less than a minute now, Nic.)

the War of 1812

Triple Stumper
    $1600 13
Flowers for Algernon

Rachael
    $1600 28
a revue review

Laura
    $1600 8
Dred Scott

Rachael
    $1600 4
Hohenzollern

Laura
    $1600 20
Hank Azaria

Laura
    $2000 21
Buddha

Nic
    $2000 14
The Kite Runner

Rachael
    $2000 27
prose pros

Rachael
    $2,500 9
Plessy v. Ferguson

Rachael
    $2000 26
Holstein

Laura
    $2000 16
(Dan) Aykroyd

Nic

Scores at the end of the Double Jeopardy! Round:

Laura Nic Rachael
$13,800 $10,000 $19,500

[wagering suggestions for these scores]

Final Jeopardy! Round responses

ROCK & ROLL HALL OF FAME INDUCTION SPEECHES
NicWhat is Chicago
$3,000
LauraWhat is Asbury Park?
$6,600
RachaelWhat is the E Street Band
$2,000
E Street

Final scores:

Laura Nic Rachael
$7,200 $7,000 $21,500
2nd place: $2,000 3rd place: $1,000 New champion: $21,500

Game dynamics:

Coryat scores:

Laura Nic Rachael
$13,800 $10,000 $18,800
16 R,
2 W
12 R,
0 W
23 R
(including 2 DDs),
4 W
(including 1 DD)

Combined Coryat: $42,600

[game clues] [game scores] [suggest correction]

Game tape date: Unknown
The J! Archive is created by fans, for fans. Scraping, republication, monetization, and malicious use prohibited; this site may use cookies and collect identifying information. See terms. The Jeopardy! game show and all elements thereof, including but not limited to copyright and trademark thereto, are the property of Jeopardy Productions, Inc. and are protected under law. This website is not affiliated with, sponsored by, or operated by Jeopardy Productions, Inc. Join the discussion at JBoard.tv.